| 000 | 00726cam a22002411 4500 | ||
|---|---|---|---|
| 001 | 9120 | ||
| 003 | BD-JhCC | ||
| 005 | 20231101115810.0 | ||
| 008 | 770222s1961 nyua 000 0 eng | ||
| 035 |
_a(OCoLC)2755320 _a(BD-JhCC)9120 |
||
| 040 |
_aDLC _cOClU _dDLC _dBD-JhCC |
||
| 041 | _aeng | ||
| 050 | 0 | 0 |
_aPE1408 _b.K66 |
| 082 |
_a808 _bKIN 1961 |
||
| 100 | 1 |
_aKing, Roma A. _q(Roma Alvah), _d1914- |
|
| 245 | 1 | 0 |
_aModern American writer / _c Roma A. King, Jr. [and] Frederick R. McLeod. |
| 260 |
_aNew York, _bAmerican Book Co. _c[1961] |
||
| 300 |
_a448 p. _billus. _c24 cm. |
||
| 650 | 0 |
_aEnglish language _zUnited States _xRhetoric |
|
| 700 | 1 | _aMcLeod, Frederick R., | |
| 942 |
_2ddc _cBK |
||
| 999 |
_c9120 _d9120 |
||